| 000 | 00540nam a22002057a 4500 | ||
|---|---|---|---|
| 003 | OSt | ||
| 020 | _a8171692621 | ||
| 082 |
_a630 _bGIL/CH |
||
| 100 | _aGill, Khem singh | ||
| 245 | _aChanging scenario of Indian agriculture | ||
| 260 |
_aNew Delhi _bCommonwealth publishers _c1993 |
||
| 300 | _a426p. | ||
| 546 | _aEnglish | ||
| 650 | _aEnergy management in Indian agriculture | ||
| 650 | _aIndian agriculture | ||
| 650 | _aClimatic change | ||
| 650 | _aweed management | ||
| 650 | _aChanging nutrient status | ||
| 942 |
_2ddc _cBK |
||
| 999 |
_c161729 _d161729 |
||